English names for each Swiss canton - Statistics

General Stats
  • This quiz has been taken 19 times
  • The average score is 14 of 26
Answer Stats
Native Name English % Correct
Bern Bern
93%
Zürich Zurich
93%
Genf/Genève Geneva
80%
Uri Uri
80%
Jura Jura
73%
Luzern Lucerne
73%
Glarus Glarus
67%
Schwyz Schwyz
67%
St. Gallen St. Gall
67%
Tessin Ticino
67%
Nidwalden Nidwald
60%
Obwalden Obwald
60%
Wallis Valais
60%
Waadt Vaud
60%
Neuenburg Neuchâtel
53%
Freiburg Fribourg
47%
Aargau Argovia
40%
Graubünden Grisons
40%
Thurgau Thurgovia
40%
Schaffhausen Schaffhouse
33%
Zug Zoug
33%
Basel-Stadt Basle-City
20%
Appenzell-Innerrhoden Appenzell Inner Rhodes
13%
Appenzell-Ausserrhoden Appenzell Outer Rhodes
13%
Basel-Landschaft Basle-Country
13%
Solothurn Soleure
13%
No matching quizzes found
Score Distribution
Percent of People with Each Score
Percentile by Number Answered
Your Score History
You have not taken this quiz